Haló, kde si?

Nový pomocník vo svete logistiky. Reproduktorová technológia pre rýchle zásielky je prvým riešením svojho druhu a dopĺňa existujúcu ponuku sledovacích nástrojov. Tento nástroj umožňuje zákazníkom získať hlasovým povelom kľúčové informácie o zásielke vrátane miesta pôvodu, miesta určenia, čísla letu...

Descripción completa

Guardado en:
Detalles Bibliográficos
Formato: Capítulo de libro
Lenguaje:eslovaco
Materias:
Etiquetas: Agregar Etiqueta
Sin Etiquetas, Sea el primero en etiquetar este registro!

MARC

LEADER 00000naa a2200000 4500
001 0247583
005 20180910094937.8
041 0 |a slo 
044 |a SK 
245 1 0 |a Haló, kde si? 
520 |a Nový pomocník vo svete logistiky. Reproduktorová technológia pre rýchle zásielky je prvým riešením svojho druhu a dopĺňa existujúcu ponuku sledovacích nástrojov. Tento nástroj umožňuje zákazníkom získať hlasovým povelom kľúčové informácie o zásielke vrátane miesta pôvodu, miesta určenia, čísla letu a očakávaného príchodu. Ide len o prvý krok vo vývoji tohto nástroja, pričom ďalšie aktualizácie prinesú oveľa viac funkcií. 
610 2 0 |a technológie nové 
610 2 0 |a zásielky poštové 
610 2 0 |a logistika distribučná 
610 2 0 |a preprava 
610 2 0 |a efektívnosť 
610 2 0 |a technológie informačné 
610 2 0 |a technológie komunikačné